[Event "FRA-chT U20"]
[Site "France"]
[Date "2012.05.26"]
[Round "?"]
[White "L'Hostis, Tristan"]
[Black "Caslani, Nicolas"]
[Result "0-1"]
[WhiteElo "1533"]
[BlackElo "1777"]
[PlyCount "56"]
[EventDate "2012.05.26"]
[EventType "team-swiss"]
[EventRounds "9"]
[EventCountry "FRA"]
[SourceTitle "EXT 2014"]
[Source "ChessBase"]
[SourceDate "2013.11.20"]
[SourceVersion "1"]
[SourceVersionDate "2013.11.20"]
[SourceQuality "1"]

1. d4 Nf6 2. c4 g6 3. Nc3 d5 4. Nf3 c6 5. cxd5 cxd5 6. Bf4 Nc6 7. e3 a6 8. a4 Bg7 9. Bd3 Nh5 10. Bg5 h6 11. Bh4 g5 12. Bg3 Nxg3 13. fxg3 e5 14. dxe5 Nxe5 15. Nxe5 Bxe5 16. 0-0 Bxc3 17. Qh5 Bf6 18. Rf3 Be6 19. Raf1 Qb6 20. Kh1 0-0-0 21. Rxf6 Qxe3 22. Qd1 Kb8 23. Qb3 d4 24. Qb4 Qxd3 25. Rc1 Rc8 26. Rxc8+ Rxc8 27. Kg1 Rc1+ 28. Kf2 Rf1# 0-1

[Event "FRA-chT U20 1112"]
[Site "France"]
[Date "2011.12.19"]
[Round "7"]
[White "Pillard, Valentin"]
[Black "Caslani, Nicolas"]
[Result "0-1"]
[WhiteElo "1685"]
[BlackElo "1758"]
[PlyCount "116"]
[EventDate "2011.12.03"]
[EventType "team-swiss"]
[EventRounds "7"]
[EventCountry "FRA"]
[SourceTitle "EXT 2013"]
[Source "ChessBase"]
[SourceDate "2012.11.22"]
[SourceVersion "1"]
[SourceVersionDate "2012.11.22"]
[SourceQuality "1"]

1. e4 c5 2. b3 e6 3. Bb2 a6 4. Nf3 Qc7 5. Be2 b6 6. d4 cxd4 7. Nxd4 Bb7 8. Bf3 Nf6 9. Qe2 d6 10. 0-0 Nbd7 11. Re1 Ne5 12. Nc3 Be7 13. Bh5 Ng6 14. Bxg6 hxg6 15. Rad1 d5 16. e5 Nh5 17. Qe3 Rc8 18. g4 Nf6 19. exf6 Qxh2+ 20. Kf1 gxf6 21. Qg3 Qh3+ 22. Qxh3 Rxh3 23. Nde2 Rh1+ 24. Ng1 Bd6 25. Ke2 Bb4 26. Kd3 a5 27. a3 Bc5 28. Nge2 Rh3+ 29. Kd2 Bxf2 30. Rf1 Be3+ 31. Ke1 Ba6 32. Rxf6 Bg5 33. Rf1 Bxe2 34. Kxe2 Re3+ 35. Kf2 Rexc3 36. Bxc3 Rxc3 37. Kg1 Rxc2 38. Rfe1 Kf8 39. b4 axb4 40. axb4 Rc4 41. Rb1 Rxg4+ 42. Kf1 Bd2 43. Re2 Bxb4 44. Rc1 Bc5 45. Rg2 Rxg2 46. Kxg2 d4 47. Kf3 f5 48. Re1 Kf7 49. Rd1 e5 50. Re1 Ke6 51. Rg1 Kf6 52. Rg2 g5 53. Rb2 e4+ 54. Ke2 f4 55. Rb3 f3+ 56. Kf1 e3 57. Rb2 d3 58. Rd2 e2+ 0-1

[Event "FRA-chT U20 1112"]
[Site "France"]
[Date "2011.12.03"]
[Round "1.3"]
[White "Froment, Theophile"]
[Black "Caslani, Nicolas"]
[Result "1/2-1/2"]
[WhiteElo "1885"]
[BlackElo "1758"]
[PlyCount "58"]
[EventDate "2011.12.03"]
[EventType "team-swiss"]
[EventRounds "7"]
[EventCountry "FRA"]
[SourceTitle "EXT 2013"]
[Source "ChessBase"]
[SourceDate "2012.11.22"]
[SourceVersion "1"]
[SourceVersionDate "2012.11.22"]
[SourceQuality "1"]

1. e4 c5 2. Nc3 e6 3. Nge2 a6 4. g3 Nc6 5. Bg2 b5 6. d4 cxd4 7. Nxd4 Bb7 8. 0-0 Be7 9. Re1 Qc7 10. a4 b4 11. Nd5 exd5 12. exd5 Nxd4 13. Qxd4 0-0-0 14. Rxe7 Nxe7 15. d6 Nc6 16. dxc7 Nxd4 17. cxd8Q+ Rxd8 18. c3 bxc3 19. bxc3 Ne2+ 20. Kf1 Bxg2+ 21. Kxg2 Nxc1 22. Rxc1 Re8 23. Kf3 Re5 24. Rb1 Rc5 25. Rb3 Ra5 26. Rb4 Rc5 27. Rb3 Ra5 28. Rb4 Rc5 29. Rb3 Ra5 1/2-1/2

[Event "FRA-chTA U20 1011"]
[Site "France"]
[Date "2010.12.19"]
[Round "5.4"]
[White "Arnaud Audiffren, Alexandre"]
[Black "Caslani, Nicolas"]
[Result "1-0"]
[WhiteElo "1519"]
[BlackElo "1698"]
[PlyCount "83"]
[EventDate "2010.11.21"]
[EventType "team-tourn"]
[EventRounds "7"]
[EventCountry "FRA"]
[SourceTitle "EXT 2012"]
[Source "ChessBase"]
[SourceDate "2011.11.24"]
[SourceVersion "1"]
[SourceVersionDate "2011.11.24"]
[SourceQuality "1"]
[WhiteTeam "Montpellier"]
[BlackTeam "Lyon"]
[WhiteTeamCountry "FRA"]
[BlackTeamCountry "FRA"]

1. d4 Nf6 2. Bf4 g6 3. e3 Bg7 4. Nf3 d6 5. Be2 0-0 6. 0-0 b6 7. h3 Bb7 8. c4 Nbd7 9. Nc3 a6 10. b4 Re8 11. a4 c5 12. b5 axb5 13. axb5 Rxa1 14. Qxa1 e5 15. dxe5 dxe5 16. Bh2 Qe7 17. Rd1 Ra8 18. Qc1 Ne8 19. Qd2 e4 20. Qxd7 Qxd7 21. Rxd7 exf3 22. gxf3 Bxc3 23. Rxb7 Ba5 24. Bd3 Rd8 25. Be4 Nf6 26. Bc7 Rd1+ 27. Kg2 Nd7 28. Bc6 Kf8 29. Bxd7 Rxd7 30. Rb8+ Ke7 31. Bxb6 Bxb6 32. Rxb6 Rc7 33. Kg3 Kd7 34. e4 Ra7 35. Rc6 Ra4 36. Rxc5 Rb4 37. f4 h5 38. Kh4 Rb3 39. f5 Rb4 40. fxg6 fxg6 41. Kg5 Rb3 42. Kxg6 1-0

[Event "FRA-chT U20 0809"]
[Site "Sautron"]
[Date "2009.01.03"]
[Round "6.5"]
[White "Caslani, Nicolas"]
[Black "Perrois, Magali"]
[Result "1-0"]
[WhiteElo "1630"]
[BlackElo "1340"]
[PlyCount "79"]
[EventDate "2008.10.??"]
[EventType "team-tourn"]
[EventRounds "11"]
[EventCountry "FRA"]
[SourceTitle "EXT 2010"]
[Source "ChessBase"]
[SourceDate "2010.11.25"]
[SourceVersion "1"]
[SourceVersionDate "2010.11.25"]
[SourceQuality "1"]

1. e4 e5 2. Nf3 Nc6 3. Bc4 Bc5 4. Nc3 Nf6 5. d3 d6 6. Bg5 h6 7. Bxf6 Qxf6 8. Nd5 Qd8 9. 0-0 0-0 10. c3 Bg4 11. a4 a6 12. b4 Ba7 13. b5 axb5 14. axb5 Ne7 15. Nxe7+ Qxe7 16. h3 Bh5 17. Bd5 Rfb8 18. d4 Bxf3 19. Qxf3 exd4 20. cxd4 Bxd4 21. Rxa8 Rxa8 22. Bxb7 Rb8 23. Bc6 Qf6 24. Qxf6 Bxf6 25. Re1 Rd8 26. f4 Bd4+ 27. Kf1 f6 28. Ke2 g6 29. Rc1 Kf8 30. Bd5 Rd7 31. Be6 Re7 32. f5 gxf5 33. exf5 Kg7 34. Kf3 h5 35. Rc2 Kh6 36. g3 Kg5 37. h4+ Kh6 38. g4 hxg4+ 39. Kxg4 c5 40. bxc6 1-0

[Event "FRA-chT U20 0809"]
[Site "Sautron"]
[Date "2009.01.03"]
[Round "5.6"]
[White "Caslani, Nicolas"]
[Black "Robic, Damien"]
[Result "1/2-1/2"]
[WhiteElo "1630"]
[BlackElo "1560"]
[PlyCount "69"]
[EventDate "2008.10.??"]
[EventType "team-tourn"]
[EventRounds "11"]
[EventCountry "FRA"]
[SourceTitle "EXT 2010"]
[Source "ChessBase"]
[SourceDate "2010.11.25"]
[SourceVersion "1"]
[SourceVersionDate "2010.11.25"]
[SourceQuality "1"]

1. e4 e5 2. Nf3 Nc6 3. Bc4 Nf6 4. d3 Bc5 5. Nc3 d6 6. Bg5 Be6 7. Nd2 Nd4 8. Bxe6 fxe6 9. Nf3 0-0 10. Nxd4 Bxd4 11. Be3 Bxe3 12. fxe3 Qe8 13. Qe2 Qg6 14. h3 Nh5 15. Qg4 Qh6 16. Ne2 Rf6 17. Kd2 Rg6 18. Qh4 Re8 19. g4 Nf6 20. Qxh6 gxh6 21. Nc3 c6 22. Raf1 Kg7 23. a3 h5 24. gxh5 Nxh5 25. Ne2 Rg2 26. Rhg1 Rxg1 27. Rxg1+ Kf6 28. Ng3 Nxg3 29. Rxg3 Rf8 30. Rf3+ Ke7 31. Rxf8 Kxf8 32. Ke2 Kf7 33. Kf3 h5 34. c3 Kf6 35. h4 1/2-1/2